Geografía de las actividades terciarias (Registro nro. 5202)

Detalles MARC
000 -LEADER
fixed length control field 01133 a2200205 4500
001 - CONTROL NUMBER
control field 53346
005 - DATE AND TIME OF LATEST TRANSACTION
control field 20260407155808.0
008 - FIXED-LENGTH DATA ELEMENTS--GENERAL INFORMATION
fixed length control field 260407a1981 arg spa d
003 - CONTROL NUMBER IDENTIFIER
control field AR-UNSa-BCEJYS
040 ## - CATALOGING SOURCE
Original cataloging agency AR-UNSa-BCEJYS
Language of cataloging spa
Transcribing agency AR-UNSa-BCEJYS
080 ## - UNIVERSAL DECIMAL CLASSIFICATION NUMBER
Universal Decimal Classification number 711
Common auxiliary subdivision Principios y práctica de la ordenación. Ordenación del territorio, ordenación urbana y rural
020 ## - INTERNATIONAL STANDARD BOOK NUMBER
International Standard Book Number 84-281-0470-0
100 1# - MAIN ENTRY--PERSONAL NAME
Personal name Beavon, Keith S.
245 10 - TITLE STATEMENT
Title Geografía de las actividades terciarias
Name of part/section of a work Una reinterpretación de la teoría de los lugares centrales
264 #1 - PRODUCTION, PUBLICATION, DISTRIBUTION, MANUFACTURE, AND COPYRIGHT NOTICE
Place of production, publication, distribution, manufacture Barcelona :
Name of producer, publisher, distributor, manufacturer Oikos-tau
Date of production, publication, distribution, manufacture, or copyright notice 1981
300 ## - PHYSICAL DESCRIPTION
Extent 243 p.
Dimensions 22 cm.
505 ## - FORMATTED CONTENTS NOTE
Formatted contents note I. Introducción - II. La teoría de las actividades terciarias: juicio crítico - III. Christaller revisado - IV. La clasificación de las jerarquías urbanas - V. La estructura de los centros comerciales extra-CBD en la Ciudad del Cabo metropolitana - VI. Reexamen del sistema de áreas de mercado de Losch - VII. Hacia una teoría alternativa de las actividades terciarias - VIII. Generalización del modelo intraurbano - IX. Conclusiones
590 ## - LOCAL NOTE (RLIN)
Local note niveau_biblio:m niveau_hierar:0
942 ## - ADDED ENTRY ELEMENTS (KOHA)
Koha item type
Existencias
Withdrawn status Lost status Damaged status Not for loan Home library Current library Shelving location Date acquired Total checkouts Full call number Barcode Date last seen Price effective from Koha item type
        Biblioteca Prof. Eusebio Cleto del Rey Biblioteca Prof. Eusebio Cleto del Rey   07/04/2026   711 B365 L33530 07/04/2026 07/04/2026 Libro